Indian Skilled Migration and Development : To Europe and Back /

Guardado en:
Detalles Bibliográficos
Otros autores: Tejada, Gabriela (edición) (edición), Bagchi, Amiya Kumar (prefacio) (prefacio)
Formato: Libro
Idioma:Inglés
Publicado: Nueva Delhi, India : Springer, 2014, c2014
Colección:(Dynamics of Asian Development)
Temas:
Acceso en línea:Ver documento en línea
Etiquetas: Agrega una etiqueta
Sin etiquetas, Sé el primero en etiquetar este registro!

MARC

LEADER 00000nam^a2200000^a^4500
001 000420834
005 20251023000000.0
009 20260310122521.964
020 |a 978-81-322-1810-4 
037 |a Acervo ITESO - Biblioteca 
041 |a ING 
082 |a 304. 84054  |b IND 
245 1 0 |a Indian Skilled Migration and Development :  |b To Europe and Back /  |c Ed. de G. Tejada... [et al.] ; pref. de A.K. Bagchi. 
264 4 |a Nueva Delhi, India :  |b Springer,  |c 2014, c2014 
264 2 |a Cham, Suiza :  |b Springer Link [distribución],  |c 2014 
300 |a 1 libro electrónico en línea (XXI, 332 p.) 
300 |a 1 recurso en línea 
336 |a datos para computadora  |b cod  |2 rdacontenido 
337 |a computadora  |b c  |2 rdamedio 
338 |a recurso en línea  |b cr  |2 rdasoporte 
440 1 |a (Dynamics of Asian Development) 
506 0 |a Licencias ilimitadas 
649 |a XX 
650 |a Alumnos Extranjeros -  |z India 
650 |a Fuga de Cerebros -  |z India 
650 |a Trabajo Migratorio -  |z India 
650 |a Diáspora -  |z India 
650 |a Migración Temporal -  |z India-Europa -  |x Tema Principal 
650 |a Migración -  |z India-Europa 
650 |a Migración 
700 |a Tejada, Gabriela  |e (edición) 
700 |a Bagchi, Amiya Kumar  |e (prefacio) 
856 4 0 |u https://link-springer-com.ezproxy.iteso.mx/10.1007/978-81-322-1810-4  |y Ver documento en línea 
910 |a Fondo General 
920 |a Electrónicos - Libros en Línea 
930 |a Plataforma Digital 
905 |a 205 
901 |a 420834-1  |b IT2  |c EBO  |i C172346  |u 20250521 
902 |a https://opac.biblio.iteso.mx/vufind/Record/000420834